Antonio Juan y el invisible, a contracorriente / (Record no. 146490)

MARC details
000 -CABECERA
campo de control de longitud fija 00705nam a2200205 u 4500
005 - FECHA Y HORA DE LA ÚLTIMA TRANSACCIÓN
campo de control 20240910063926.0
008 - ELEMENTOS DE LONGITUD FIJA--INFORMACIÓN GENERAL
campo de control de longitud fija 100129s2000 es r 000 0 spa d
020 ## - NÚMERO INTERNACIONAL NORMALIZADO PARA LIBROS
Número Internacional Estándar del Libro 8426341861
035 ## - NÚMERO DE CONTROL DEL SISTEMA
Número de control de sistema UPN01000174386
049 ## - COLECCIÓN
Colección I
050 #4 - SIGNATURA TOPOGRÁFICA DE LA BIBLIOTECA DEL CONGRESO
Número de clasificación PZ38
Número de documento/Ítem W6.2 2000
100 1# - ASIENTO PRINCIPAL--NOMBRE PERSONAL
Nombre de persona Wolf, Klaus-Peter,
Fechas asociadas al nombre 1954-
9 (RLIN) 30984
245 10 - MENCIÓN DE TÍTULO
Título Antonio Juan y el invisible, a contracorriente /
Mención de responsabilidad, etc. Klaus-Peter Wolf ; il. por Ameli Glienke ; tr. Margaret Faber.
250 ## - MENCIÓN DE EDICIÓN
Mención de edición 5a ed.
260 ## - PUBLICACIÓN, DISTRIBUCIÓN, ETC.
Lugar de publicación, distribución, etc. Zaragoza, Esp. :
Nombre del editor, distribuidor, etc. Edelvives,
Fecha de publicación, distribución, etc. c2000.
300 ## - DESCRIPCIÓN FÍSICA
Extensión 77 p. :
Otras características físicas il. col.
534 ## - NOTA SOBRE LA VERSIÓN ORIGINAL
Frase introductoria Título original:
Mención de título del original Jens-Peter und der unsichtbare gegen den rest rest der welt
650 #4 - ASIENTO SECUNDARIO DE MATERIA - TERMINO TEMATICO
Término de materia o nombre geográfico como elemento de entrada Cuentos infantiles alemanes
9 (RLIN) 8589
905 ## - TIPO DE MATERIAL
Tipo de material Infantil
Holdings
Estado de retiro Estado de pérdida Fuente del sistema de clasificación o colocación Estado dañado No para préstamo Código de colección Localización permanente Ubicación/localización actual Ubicación en estantería Fecha de adquisición Total de préstamos Clasificación Código de barras Fecha visto por última vez Fecha del último préstamo Número de copia Tipo de ítem Koha
    Library of Congress Classification     Infantil Bib. Gregorio Torres Quintero Bib. Gregorio Torres Quintero Sala infantil Planta baja 10/05/2023 3 PZ38 W6.2 2000 264678 23/10/2024 09/10/2024 1 Libro